[Event "12th Israeli intl it"]
[Site "Netanya ISR"]
[Date "1975.06.05"]
[Round "8"]
[White "Pachman, Ludek"]
[Black "Yanofsky, Daniel Abraham"]
[Result "1-0"]
[WhiteElo "2510"]
[BlackElo "2415"]
[EventDate "1975.05.28"]
[PlyCount "58"]
[Source "ChessBase"]

1.d4 Nf6 2.c4 e6 3.Nf3 b6 4.e3 Bb7 5.Bd3 c5 6.O-O Be7 7.Nc3 cxd4 8.exd4 d6
9.d5 e5 10.Ne1 Nbd7 11.f4 O-O 12.f5 a6 13.a4 b5 14.axb5 Qb6+ 15.Kh1 axb5 
16.Rxa8 Rxa8 17.Nxb5 Ba6 18.Na3 Nc5 19.Bc2 e4 20.g4 h6 21.h4 Nh7 22.Ng2 
Bf8 23.b3 Rb8 24.Be3 Qb4 25.Bxc5 Qxc5 26.Nb1 Re8 27.Nd2 Qd4 28.Nxe4 Qb6 
29.Qd3 Qd8 {und nach 45 Zügen} 1-0

[Event "12th Israeli intl it"]
[Site "Netanya ISR"]
[Date "1975.06.05"]
[Round "8"]
[White "Shamkovich, Leonid"]
[Black "Panno, Oscar"]
[Result "1-0"]
[WhiteElo "2505"]
[BlackElo "2545"]
[EventDate "1975.05.28"]
[PlyCount "61"]
[Source "ChessBase"]

1.e4 c5 2.Nf3 d6 3.d4 cxd4 4.Nxd4 Nf6 5.Nc3 e6 6.Be2 Nc6 7.Be3 Be7 8.O-O 
Bd7 9.Nb3 a6 10.a4 b6 11.f4 O-O 12.Rf2 Qc7 13.Rc1 Rfd8 14.g4 Be8 15.g5 Nd7
16.Qf1 Nb4 17.Qh3 g6 18.f5 exf5 19.exf5 d5 20.fxg6 hxg6 21.Rf4 Bc5 22.Rxb4
Bxb4 23.Nxd5 Qe5 24.Nxb4 Nc5 25.Nxc5 bxc5 26.Nd3 Qe7 27.Re1 Bxa4 28.Bf3 c4
29.Nf2 Rac8 30.Bd2 Qc5 31.Bc3 1-0

[Event "12th Israeli intl it"]
[Site "Netanya ISR"]
[Date "1975.06.06"]
[Round "9"]
[White "Balshan, Amikam"]
[Black "Shamkovich, Leonid"]
[Result "1/2-1/2"]
[WhiteElo "2435"]
[BlackElo "2505"]
[EventDate "1975.05.28"]
[PlyCount "145"]
[Source "ChessBase"]

1.d4 Nf6 2.Nf3 g6 3.Nc3 d5 4.h3 Bg7 5.Bf4 O-O 6.e3 c5 7.Be2 Nc6 8.dxc5 Qa5
9.O-O Qxc5 10.Nd2 Qb6 11.Nb3 Bf5 12.Bf3 Rfd8 13.a4 a5 14.g4 Be4 15.Qe2 
Bxf3 16.Qxf3 e5 17.Bg5 Nb4 18.Rad1 h6 19.Bh4 e4 20.Qe2 Rac8 21.Nd4 Nc6 22.
Qb5 Qxb5 23.Ndxb5 Nb4 24.Rd2 Rc6 25.Rfd1 Re8 26.Bg3 b6 27.Kg2 h5 28.g5 Nh7
29.Nc7 Rc8 30.N7xd5 Nxd5 31.Nxd5 Kf8 32.h4 Bxb2 33.Rb1 Ba3 34.Rxb6 Rxb6 
35.Nxb6 Re8 36.Nc4 Bb4 37.Rd5 f6 38.Nxa5 fxg5 39.hxg5 Rc8 40.Nb3 Rxc2 41.
a5 Ra2 42.Rb5 Be7 43.Bf4 Ke8 44.Nd4 Nf8 45.Rd5 Bb4 46.Nc6 Be1 47.Bg3 Bc3 
48.Rd8+ Kf7 49.Bd6 Nh7 50.Bf4 Nf8 51.Ra8 Nd7 52.Ra7 Ke6 53.Nd8+ Ke7 54.
Nc6+ Ke6 55.Ra6 Kf7 56.Nd8+ Ke7 57.Nb7 Rb2 58.Nd6 Nc5 59.Rc6 Bb4 60.Rc7+ 
Ke6 61.Rg7 Nd3 62.Rxg6+ Kd5 63.Bg3 h4 64.Bxh4 Bxd6 65.a6 Ra2 66.Bg3 Rxa6 
67.Rg8 Bxg3 68.Kxg3 Ne5 69.Kf4 Ng6+ 70.Kg4 Re6 71.Ra8 Rd6 72.Ra7 Ke6 73.
Kh5 1/2-1/2

[Event "12th Israeli intl it"]
[Site "Netanya ISR"]
[Date "1975.06.06"]
[Round "9"]
[White "Bleiman, Yaacov"]
[Black "Cardoso, Rodolfo Tan"]
[Result "1/2-1/2"]
[WhiteElo "2455"]
[BlackElo "2410"]
[EventDate "1975.05.28"]
[PlyCount "125"]
[Source "ChessBase"]

1.d4 Nf6 2.c4 e6 3.g3 c5 4.Nf3 cxd4 5.Nxd4 Bb4+ 6.Bd2 Bxd2+ 7.Qxd2 Ne4 8.
Qe3 Qa5+ 9.Nd2 Nxd2 10.Qxd2 Qxd2+ 11.Kxd2 a6 12.Bg2 d6 13.Rhd1 Ra7 14.a4 
Bd7 15.b4 Nc6 16.Nxc6 Bxc6 17.Bxc6+ bxc6 18.b5 a5 19.Kc3 Ke7 20.e4 f6 21.
Rd3 Rc8 22.Kb3 Rb7 23.Re1 Rd7 24.Red1 Rdd8 25.f3 Rb8 26.Kc3 Rbc8 27.f4 
cxb5 28.axb5 Rc5 29.Kb3 f5 30.exf5 d5 31.Ka3 Rxc4 32.fxe6 Kxe6 33.Rd4 Rxd4
34.Rxd4 Kd6 35.Ka4 Kc5 36.Rd1 d4 37.Rc1+ Kb6 38.Rc6+ Kb7 39.Kxa5 d3 40.Rc1
d2 41.Rd1 Rd4 42.b6 Kc6 43.b7 Kxb7 44.Kb5 Kc7 45.Kc5 Rd6 46.Kc4 Kd7 47.Kc3
Ke6 48.Rxd2 Rc6+ 49.Kd4 Kf5 50.Ke3 h6 51.h3 Kf6 52.g4 Re6+ 53.Kf3 Ra6 54.
Rd3 Rb6 55.Ra3 Rc6 56.h4 Rc1 57.g5+ hxg5 58.hxg5+ Kf5 59.Ra5+ Kg6 60.Re5 
Ra1 61.Rd5 Rf1+ 62.Ke4 Re1+ 63.Kf3 1/2-1/2

[Event "12th Israeli intl it"]
[Site "Netanya ISR"]
[Date "1975.06.06"]
[Round "9"]
[White "Kagan, Shimon"]
[Black "Radashkovich, Itchak"]
[Result "1-0"]
[WhiteElo "2420"]
[BlackElo "2440"]
[EventDate "1975.05.28"]
[PlyCount "68"]
[Source "ChessBase"]

1.e4 c5 2.Nf3 e6 3.d4 cxd4 4.Nxd4 Nf6 5.Nc3 d6 6.g3 Be7 7.Bg2 O-O 8.O-O 
Nc6 9.Nce2 a6 10.c4 e5 11.Nf5 Bxf5 12.exf5 Qd7 13.Qd3 Rac8 14.Nc3 Nb4 15.
Qe2 Qxf5 16.Bxb7 Rc7 17.Bg2 Nc2 18.g4 Qg6 19.g5 Nh5 20.Kh1 Nd4 21.Qd1 Bxg5
22.f4 Bd8 23.Be4 Ng3+ 24.hxg3 Qxg3 25.Qh5 g6 26.Qh2 Qxh2+ 27.Kxh2 f5 28.
Bd5+ Kg7 29.Rf2 Bf6 30.Be3 exf4 31.Bxf4 Be5 32.Re1 Re8 33.Kg2 Rce7 34.Bg5 
Rc7 {und nach 40 Zügen} 1-0

[Event "12th Israeli intl it"]
[Site "Netanya ISR"]
[Date "1975.06.06"]
[Round "9"]
[White "Liberzon, Vladimir"]
[Black "Lederman, Leon"]
[Result "1-0"]
[WhiteElo "2485"]
[BlackElo "2390"]
[EventDate "1975.05.28"]
[PlyCount "59"]
[Source "ChessBase"]

1.e4 c6 2.d4 d5 3.Nc3 dxe4 4.Nxe4 Nd7 5.Bc4 Ngf6 6.Ng5 e6 7.Qe2 Nb6 8.Bb3 
h6 9.N5f3 a5 10.a3 a4 11.Ba2 c5 12.Be3 Nbd5 13.Rd1 Nxe3 14.fxe3 Be7 15.Ne5
O-O 16.Nh3 Nd7 17.Ng4 Nf6 18.O-O Nxg4 19.Qxg4 Qb6 20.Nf4 e5 21.Qg6 Qf6 22.
Qxf6 Bxf6 23.dxe5 Bxe5 24.Ng6 Bf6 25.Nxf8 Kxf8 26.Rd6 Ke7 27.Rb6 Ra7 28.
Bd5 Be6 29.Bxb7 Be5 30.Bf3 1-0

[Event "12th Israeli intl it"]
[Site "Netanya ISR"]
[Date "1975.06.06"]
[Round "9"]
[White "Panno, Oscar"]
[Black "Pachman, Ludek"]
[Result "1/2-1/2"]
[WhiteElo "2545"]
[BlackElo "2510"]
[EventDate "1975.05.28"]
[PlyCount "33"]
[Source "ChessBase"]

1.Nf3 d5 2.c4 c6 3.d4 Nf6 4.e3 Bf5 5.cxd5 cxd5 6.Qb3 Qc7 7.Nc3 e6 8.Bd2 
Nc6 9.Be2 Be7 10.O-O O-O 11.Rfc1 Bg4 12.Qd1 Rfc8 13.h3 Bxf3 14.Bxf3 Qd8 
15.Be2 Na5 16.b3 Nc6 17.a3 1/2-1/2

[Event "12th Israeli intl it"]
[Site "Netanya ISR"]
[Date "1975.06.06"]
[Round "9"]
[White "Yanofsky, Daniel Abraham"]
[Black "Kraidman, Yair"]
[Result "1-0"]
[WhiteElo "2415"]
[BlackElo "2460"]
[EventDate "1975.05.28"]
[PlyCount "57"]
[Source "ChessBase"]

1.e4 e5 2.Nf3 Nc6 3.Bb5 a6 4.Bxc6 dxc6 5.O-O Qd6 6.d3 f6 7.Be3 Be6 8.Nbd2 
O-O-O 9.Qe2 c5 10.Rfb1 Ne7 11.Ne1 Nc6 12.c3 Be7 13.a3 a5 14.Nc4 Bxc4 15.
dxc4 Qe6 16.b4 axb4 17.axb4 cxb4 18.c5 Kd7 19.Qb5 Ke8 20.cxb4 Kf7 21.Nf3 
Rd7 22.h3 Nd4 23.Bxd4 exd4 24.Qd3 Rhd8 25.Rc1 b5 26.Ra7 Qc6 27.Ra5 g6 28.
Rca1 Kg7 29.Ra6 1-0

[Event "12th Israeli intl it"]
[Site "Netanya ISR"]
[Date "1975.06.07"]
[Round "10"]
[White "Cardoso, Rodolfo Tan"]
[Black "Liberzon, Vladimir"]
[Result "1/2-1/2"]
[WhiteElo "2410"]
[BlackElo "2485"]
[EventDate "1975.05.28"]
[PlyCount "67"]
[Source "ChessBase"]

1.e4 c5 2.Nf3 e6 3.d4 cxd4 4.Nxd4 Nc6 5.Nc3 d6 6.Be3 Nf6 7.Bc4 a6 8.Bb3 
Na5 9.g4 Nxb3 10.Nxb3 b5 11.g5 Nd7 12.f4 Bb7 13.Qf3 b4 14.Ne2 Qc7 15.O-O 
d5 16.c3 dxe4 17.Qh3 Nc5 18.g6 Nxb3 19.axb3 fxg6 20.Qxe6+ Be7 21.Bd4 Qd6 
22.Qxd6 Bxd6 23.Bxg7 Rg8 24.Be5 O-O-O 25.Bxd6 Rxd6 26.Nd4 e3 27.Ra5 bxc3 
28.bxc3 Rd5 29.Rxd5 Bxd5 30.c4 Bb7 31.Re1 Re8 32.Nc2 Re4 33.Rxe3 Rxf4 34.
Nb4 1/2-1/2

[Event "12th Israeli intl it"]
[Site "Netanya ISR"]
[Date "1975.06.07"]
[Round "10"]
[White "Kagan, Shimon"]
[Black "Yanofsky, Daniel Abraham"]
[Result "0-1"]
[WhiteElo "2420"]
[BlackElo "2415"]
[EventDate "1975.05.28"]
[PlyCount "67"]
[Source "ChessBase"]

1.e4 e6 2.d3 c5 3.g3 Nc6 4.Bg2 g6 5.Ne2 Bg7 6.O-O Nge7 7.c3 O-O 8.Be3 d6 
9.Qd2 Re8 10.Na3 b6 11.d4 Ba6 12.Rfd1 Rc8 13.f4 Qc7 14.Rac1 Qb8 15.c4 e5 
16.fxe5 cxd4 17.Nxd4 dxe5 18.Ndb5 Rcd8 19.Qf2 Nb4 20.Rxd8 Rxd8 21.Rf1 f6 
22.Bh3 Bc8 23.Bxc8 Nxc8 24.Nc3 Nd6 25.Rd1 Nc6 26.c5 bxc5 27.Bxc5 Nd4 28.
Bxd4 exd4 29.Qxd4 f5 30.e5 Nf7 31.Nd5 Bxe5 32.Qc5 Kg7 33.Nc4 Rc8 34.Qe7 
0-1

[Event "12th Israeli intl it"]
[Site "Netanya ISR"]
[Date "1975.06.07"]
[Round "10"]
[White "Kraidman, Yair"]
[Black "Panno, Oscar"]
[Result "1-0"]
[WhiteElo "2460"]
[BlackElo "2545"]
[EventDate "1975.05.28"]
[PlyCount "78"]
[Source "ChessBase"]

1.d4 Nf6 2.c4 g6 3.Nc3 Bg7 4.e4 d6 5.f3 O-O 6.Be3 b6 7.Bd3 Bb7 8.Qd2 c5 9.
d5 e6 10.Nh3 exd5 11.cxd5 Ba6 12.Nf2 Nfd7 13.O-O Ne5 14.Bxa6 Nxa6 15.b3 
Nc7 16.a4 a6 17.f4 Nd7 18.Rad1 f5 19.Kh1 b5 20.exf5 gxf5 21.g4 Qf6 22.Ne2 
Rae8 23.Ng3 Qc3 24.Qxc3 Bxc3 25.Bc1 bxa4 26.bxa4 Nb6 27.Nxf5 Rxf5 28.gxf5 
Nxa4 29.Ng4 Nb6 30.Bd2 Bd4 31.Ba5 Rb8 32.Rde1 Nbxd5 33.Bxc7 Nxc7 34.Re7 
Nb5 35.Rfe1 Bc3 36.f6 h5 37.Nh6+ Kh8 38.Re8+ Rxe8 39.Rxe8+ Kh7 1-0

[Event "12th Israeli intl it"]
[Site "Netanya ISR"]
[Date "1975.06.07"]
[Round "10"]
[White "Pachman, Ludek"]
[Black "Balshan, Amikam"]
[Result "1-0"]
[WhiteElo "2510"]
[BlackElo "2435"]
[EventDate "1975.05.28"]
[PlyCount "123"]
[Source "ChessBase"]

1.Nf3 Nf6 2.c4 c6 3.Nc3 d5 4.e3 e6 5.d4 Nbd7 6.Bd3 dxc4 7.Bxc4 b5 8.Bd3 
Bb7 9.e4 b4 10.Na4 c5 11.e5 Nd5 12.O-O Be7 13.Nxc5 Nxc5 14.dxc5 O-O 15.c6 
Bxc6 16.Bxh7+ Kh8 17.Nd4 Kxh7 18.Nxc6 Qd7 19.Nxe7 Qxe7 20.Qh5+ Kg8 21.Re1 
f5 22.exf6 Qxf6 23.Qe2 Rae8 24.Rb1 Rf7 25.Be3 Qg6 26.Rbd1 Rc7 27.g3 Qf5 
28.Bd4 Rf7 29.Qe4 Qxe4 30.Rxe4 Rc7 31.Rde1 Kf7 32.h4 a5 33.h5 Rc4 34.Kg2 
Re7 35.Be5 Rxe4 36.Rxe4 Rd7 37.Rc4 Nf6 38.h6 g5 39.Rc5 Kg6 40.Bxf6 Kxf6 
41.Rxa5 Kg6 42.Ra6 Kxh6 43.Rxe6+ Kg7 44.Rb6 Ra7 45.Rxb4 Rxa2 46.Kf3 Ra5 
47.Kg4 Kf7 48.Rb7+ Kg6 49.Rb6+ Kf7 50.b4 Rd5 51.b5 Re5 52.Rb8 Kg6 53.b6 
Re4+ 54.f4 gxf4 55.gxf4 Rb4 56.b7 Kh7 57.Kg5 Kg7 58.f5 Rb5 59.Kf4 Rb1 60.
f6+ Kh7 61.Re8 Rb4+ 62.Ke5 1-0

[Event "12th Israeli intl it"]
[Site "Netanya ISR"]
[Date "1975.06.07"]
[Round "10"]
[White "Radashkovich, Itchak"]
[Black "Najdorf, Miguel"]
[Result "1-0"]
[WhiteElo "2440"]
[BlackElo "2510"]
[EventDate "1975.05.28"]
[PlyCount "43"]
[Source "ChessBase"]

1.d4 Nf6 2.c4 e6 3.g3 d5 4.Bg2 dxc4 5.Nf3 Bb4+ 6.Bd2 Be7 7.Na3 Ne4 8.Nxc4 
Nxd2 9.Qxd2 Nd7 10.O-O O-O 11.Rac1 c6 12.Rfd1 Nb6 13.Na5 Bd6 14.e4 Qe7 15.
a3 Rb8 16.b4 Bd7 17.h4 Rfd8 18.e5 Bc7 19.Ng5 Be8 20.Qc2 f5 21.Qc5 Rd7 22.
Nxb7 {und nach 37 Zügen} 1-0

[Event "12th Israeli intl it"]
[Site "Netanya ISR"]
[Date "1975.06.07"]
[Round "10"]
[White "Shamkovich, Leonid"]
[Black "Bleiman, Yaacov"]
[Result "1/2-1/2"]
[WhiteElo "2505"]
[BlackElo "2455"]
[EventDate "1975.05.28"]
[PlyCount "48"]
[Source "ChessBase"]

1.e4 c6 2.d4 d5 3.Nc3 dxe4 4.Nxe4 Nd7 5.Bc4 Ngf6 6.Ng5 e6 7.Qe2 Nb6 8.Bd3 
h6 9.N5f3 c5 10.Be3 Qc7 11.Ne5 Nbd7 12.Ngf3 Bd6 13.O-O-O b6 14.Rhe1 a6 15.
Kb1 Bxe5 16.Nxe5 Nxe5 17.dxe5 Nd5 18.Bc1 Bb7 19.c4 Ne7 20.Bc2 Nc6 21.Rd6 
Nd4 22.Qg4 Kf8 23.Bd3 Rd8 24.Bf4 g5 1/2-1/2

[Event "12th Israeli intl it"]
[Site "Netanya ISR"]
[Date "1975.06.08"]
[Round "11"]
[White "Balshan, Amikam"]
[Black "Kraidman, Yair"]
[Result "0-1"]
[WhiteElo "2435"]
[BlackElo "2460"]
[EventDate "1975.05.28"]
[PlyCount "154"]
[Source "ChessBase"]

1.d4 Nf6 2.Nf3 g6 3.Nc3 d5 4.h3 Bg7 5.Bf4 O-O 6.e3 c5 7.Be2 cxd4 8.exd4 
Nc6 9.O-O Bf5 10.g4 Be6 11.Ng5 Bd7 12.Be3 h6 13.Nf3 Be6 14.Ne5 Nd7 15.f4 
Ndxe5 16.fxe5 Bxe5 17.dxe5 d4 18.Bxh6 dxc3 19.Qxd8 Rfxd8 20.bxc3 Nxe5 21.
Bf4 Nd7 22.a4 Rac8 23.Ra3 Bc4 24.Re1 Bxe2 25.Rxe2 Nb6 26.a5 Nd5 27.Bd2 Rc6
28.Rb3 Rd7 29.Rf2 f6 30.Rf3 Kf7 31.Rd3 e5 32.Kf2 Ke6 33.Ke2 f5 34.gxf5+ 
gxf5 35.Rg3 f4 36.Rg6+ Nf6 37.h4 Kf7 38.Rg1 Ne4 39.Be1 Rg6 40.Rxg6 Kxg6 
41.Rb5 Kf5 42.c4 Rc7 43.Kd3 Nd6 44.Rd5 Nxc4 45.Bf2 Nb2+ 46.Kd2 a6 47.h5 
Ke4 48.Rc5 Rd7+ 49.Kc1 Nd1 50.Bh4 f3 51.Bg3 f2 52.Rxe5+ Kf3 53.Bxf2 Nxf2 
54.Rf5+ Ke3 55.Kb2 Ne4 56.h6 Rh7 57.Rh5 Nf6 58.Rh4 Ng8 59.Rg4 Nxh6 60.Rh4 
Rh8 61.Kb3 Nf7 62.Rc4 Nd6 63.Rc7 Kd4 64.c3+ Ke5 65.c4 Rc8 66.Re7+ Kf6 67.
Rh7 Rxc4 68.Rd7 Rc6 69.Rh7 Rc5 70.Ka4 Ke6 71.Rg7 Kd5 72.Rg5+ Kc6 73.Rg6 
Rc4+ 74.Kb3 Rd4 75.Rh6 Kc5 76.Rh5+ Rd5 77.Rh1 Kb5 0-1

[Event "12th Israeli intl it"]
[Site "Netanya ISR"]
[Date "1975.06.08"]
[Round "11"]
[White "Bleiman, Yaacov"]
[Black "Pachman, Ludek"]
[Result "1/2-1/2"]
[WhiteElo "2455"]
[BlackElo "2510"]
[EventDate "1975.05.28"]
[PlyCount "131"]
[Source "ChessBase"]

1.Nf3 d5 2.g3 c6 3.Bg2 Bg4 4.O-O Nd7 5.d3 e6 6.Nbd2 Bd6 7.e4 Ne7 8.h3 Bh5 
9.Qe1 O-O 10.b3 a5 11.e5 Bb4 12.Bb2 Bxf3 13.Bxf3 Ng6 14.c3 Be7 15.d4 a4 
16.h4 Bxh4 17.Bg2 Be7 18.f4 axb3 19.axb3 Rxa1 20.Bxa1 Qb6 21.Kh1 Ra8 22.f5
exf5 23.Qb1 Nh8 24.Qxf5 Nf8 25.Qb1 Ne6 26.Bb2 Bg5 27.Bc1 Qd8 28.b4 b5 29.
Bh3 Qe7 30.Nb3 Ng6 31.Na5 Rc8 32.Rf5 Bxc1 33.Qxc1 Rc7 34.Qe3 Qd8 35.Qd2 
Ne7 36.Rf1 Nc8 37.Bxe6 fxe6 38.Qf4 Qe8 39.Qg4 Nb6 40.Rf6 Re7 41.Rf2 Na4 
42.Rf3 Rf7 43.Kg2 Rxf3 44.Qxf3 h6 45.Qd3 Qd7 46.Kf1 Qe8 47.Ke1 Nb2 48.Qe2 
Nc4 49.Qg4 Ne3 50.Qf3 Nf5 51.Kf2 h5 52.Qf4 Nh6 53.Kg2 Ng4 54.Qf3 Kh7 55.
Kg1 Qg6 56.Nxc6 Qb1+ 57.Kg2 Qc2+ 58.Kg1 Qh2+ 59.Kf1 Qh3+ 60.Kg1 Qh2+ 61.
Kf1 Qd2 62.Kg1 Qg5 63.Kg2 Kg6 64.Qd3+ Kf7 65.Na7 Ne3+ 66.Kf2 1/2-1/2

[Event "12th Israeli intl it"]
[Site "Netanya ISR"]
[Date "1975.06.08"]
[Round "11"]
[White "Liberzon, Vladimir"]
[Black "Shamkovich, Leonid"]
[Result "1/2-1/2"]
[WhiteElo "2485"]
[BlackElo "2505"]
[EventDate "1975.05.28"]
[PlyCount "65"]
[Source "ChessBase"]

1.e4 c6 2.d4 d5 3.Nc3 dxe4 4.Nxe4 Bf5 5.Ng3 Bg6 6.Nf3 Nd7 7.h4 h6 8.h5 Bh7
9.Bd3 Bxd3 10.Qxd3 Ngf6 11.Bd2 e6 12.Qe2 Qc7 13.c4 Be7 14.Bc3 b5 15.cxb5 
cxb5 16.Qxb5 O-O 17.O-O Rab8 18.Qe2 Nd5 19.Rac1 Qb7 20.Rfe1 Rfc8 21.Rc2 
N7f6 22.Ne5 Nf4 23.Qf3 Qxf3 24.Nxf3 Rb7 25.Rec1 Rbc7 26.Ne1 N4xh5 27.Nxh5 
Nxh5 28.Bd2 Rxc2 29.Rxc2 Rxc2 30.Nxc2 Kf8 31.Kf1 Ke8 32.Ke2 Kd7 33.Kd3 
1/2-1/2

[Event "12th Israeli intl it"]
[Site "Netanya ISR"]
[Date "1975.06.08"]
[Round "11"]
[White "Panno, Oscar"]
[Black "Kagan, Shimon"]
[Result "1/2-1/2"]
[WhiteElo "2545"]
[BlackElo "2420"]
[EventDate "1975.05.28"]
[PlyCount "103"]
[Source "ChessBase"]

1.d4 g6 2.Nf3 Bg7 3.e4 d6 4.Bc4 c6 5.Bb3 a5 6.a4 Nf6 7.Nbd2 O-O 8.O-O d5 
9.Re1 Bg4 10.c3 Nbd7 11.exd5 cxd5 12.h3 Bxf3 13.Nxf3 e6 14.Bf4 Qb6 15.Re2 
Rac8 16.Ba2 Nh5 17.Bg5 Qd6 18.Rc2 Nb6 19.b3 Nd7 20.Rac1 Nb8 21.Bd2 Nc6 22.
Bb1 b6 23.Ra2 f5 24.Bd3 Nf6 25.Ba6 Rc7 26.Bb5 Ne4 27.Be1 g5 28.Nh2 Ne7 29.
Nf1 Qf4 30.Rac2 g4 31.g3 Qg5 32.hxg4 fxg4 33.Bd3 Qh5 34.Bxe4 dxe4 35.Qe2 
Qg6 36.Ne3 Rf3 37.Ng2 Bh6 38.Nh4 Qh5 39.Qxe4 Bxc1 40.Qxe6+ Rf7 41.Rxc1 Nd5
42.c4 Qg5 43.Rd1 Nf4 44.gxf4 Qxh4 45.Qxb6 Rce7 46.Qxa5 Rxf4 47.Qa8+ Kf7 
48.Qd5+ Kg6 49.Qd6+ Kf5 50.Qd5+ Kg6 51.Qd6+ Kf5 52.Qd5+ 1/2-1/2

[Event "12th Israeli intl it"]
[Site "Netanya ISR"]
[Date "1975.06.08"]
[Round "11"]
[White "Yanofsky, Daniel Abraham"]
[Black "Radashkovich, Itchak"]
[Result "1/2-1/2"]
[WhiteElo "2415"]
[BlackElo "2440"]
[EventDate "1975.05.28"]
[PlyCount "53"]
[Source "ChessBase"]

1.Nf3 Nf6 2.g3 d5 3.Bg2 c6 4.O-O Bf5 5.d3 e6 6.Nbd2 Be7 7.Qe1 h6 8.b3 O-O 
9.e4 Bh7 10.Bb2 Nbd7 11.h3 a5 12.a4 Rc8 13.Rc1 b5 14.Ra1 Qb6 15.e5 Ne8 16.
Kh1 Nc7 17.Qe2 Ra8 18.Rfb1 Rfb8 19.Ne1 Bc5 20.f4 Bd4 21.Nef3 Bxb2 22.Rxb2 
Nc5 23.Rbb1 bxa4 24.bxa4 Qa7 25.Qe3 N7a6 26.Rxb8+ Rxb8 27.Nd4 {und nach 44
Zügen} 1/2-1/2

[Event "12th Israeli intl it"]
[Site "Netanya ISR"]
[Date "1975.06.09"]
[Round "12"]
[White "Kagan, Shimon"]
[Black "Balshan, Amikam"]
[Result "0-1"]
[WhiteElo "2420"]
[BlackElo "2435"]
[EventDate "1975.05.28"]
[PlyCount "66"]
[Source "ChessBase"]

1.e4 c6 2.d4 d5 3.Nc3 g6 4.Nf3 Bg7 5.h3 Nf6 6.Bd3 dxe4 7.Nxe4 Nbd7 8.O-O 
O-O 9.Re1 Nxe4 10.Bxe4 c5 11.c3 cxd4 12.Nxd4 Nc5 13.Bc2 Qc7 14.Qe2 e5 15.
Nb5 Qc6 16.b4 a6 17.a4 Bd7 18.bxc5 axb5 19.Be4 Qc7 20.Ba3 bxa4 21.c6 bxc6 
22.Bxf8 Bxf8 23.Bc2 a3 24.Bb3 Rb8 25.Bc4 Rb2 26.Qf3 Bf5 27.g4 Bc5 28.gxf5 
e4 29.Rxe4 Rxf2 30.Re8+ Kg7 31.f6+ Kh6 32.Qxf2 Qg3+ 33.Kh1 Qxf2 0-1

[Event "12th Israeli intl it"]
[Site "Netanya ISR"]
[Date "1975.06.09"]
[Round "12"]
[White "Kraidman, Yair"]
[Black "Bleiman, Yaacov"]
[Result "1-0"]
[WhiteElo "2460"]
[BlackElo "2455"]
[EventDate "1975.05.28"]
[PlyCount "103"]
[Source "ChessBase"]

1.d4 d5 2.Nf3 Nf6 3.c4 c6 4.Nc3 Nbd7 5.Bg5 e6 6.cxd5 exd5 7.Qc2 Be7 8.e3 
Nf8 9.Bd3 Ne6 10.Bh4 g6 11.O-O-O Ng7 12.h3 Bf5 13.g4 Bxd3 14.Qxd3 Nd7 15.
Bg3 Qa5 16.Kb1 Bb4 17.Rc1 Ne6 18.Nd2 O-O 19.h4 b5 20.h5 Rfc8 21.hxg6 fxg6 
22.f4 Bxc3 23.Rxc3 b4 24.Rcc1 Qb5 25.Qxb5 cxb5 26.f5 Nef8 27.Bd6 Re8 28.
Rh3 Rac8 29.Rxc8 Rxc8 30.Bxb4 Nf6 31.Bxf8 Rxf8 32.fxg6 hxg6 33.Rg3 Rc8 34.
g5 Nh7 35.Nf3 Kg7 36.Ne5 b4 37.Nd3 a5 38.Nf4 Nf8 39.Nxd5 Ne6 40.Rg4 Rh8 
41.Nf4 Nxf4 42.Rxf4 Rh5 43.Kc2 Rxg5 44.Rf2 Rd5 45.Kd3 g5 46.e4 Rd8 47.e5 
Kg6 48.Ke4 g4 49.d5 Kg5 50.e6 g3 51.Rg2 Kg4 52.e7 1-0

[Event "12th Israeli intl it"]
[Site "Netanya ISR"]
[Date "1975.06.09"]
[Round "12"]
[White "Radashkovich, Itchak"]
[Black "Lederman, Leon"]
[Result "1-0"]
[WhiteElo "2440"]
[BlackElo "2390"]
[EventDate "1975.05.28"]
[PlyCount "151"]
[Source "ChessBase"]

1.Nf3 d5 2.c4 c6 3.e3 Nf6 4.Nc3 e6 5.b3 Nbd7 6.d4 Bb4 7.Bd2 O-O 8.Be2 Re8 
9.O-O Bd6 10.Qc2 e5 11.cxd5 Nxd5 12.Ne4 Bc7 13.Neg5 f5 14.dxe5 Nxe5 15.
Rad1 Ng4 16.h3 Ngf6 17.Bd3 h6 18.e4 fxe4 19.Nxe4 Nxe4 20.Bxe4 Be6 21.Bc3 
Qe7 22.Bb2 Nf4 23.Rfe1 Qf7 24.Ne5 Bxe5 25.Bxe5 Bd5 26.Bxf4 Qxf4 27.Bxd5+ 
cxd5 28.Rxe8+ Rxe8 29.Qc5 Rd8 30.Rxd5 Re8 31.Rd1 b6 32.Qd5+ Kh8 33.Qd2 Qf6
34.Rc1 Rd8 35.Qe2 Qd4 36.Rc7 Qa1+ 37.Kh2 Qf6 38.Rc4 Kh7 39.g3 Rf8 40.Rf4 
Qd6 41.Qc2+ Kh8 42.Rc4 Qf6 43.Kg1 Qa1+ 44.Kg2 Qf6 45.Qe2 Qd6 46.Kh2 Qf6 
47.Kg1 Qd6 48.h4 Rd8 49.Re4 Qd1+ 50.Kg2 Qxe2 51.Rxe2 Rd7 52.h5 Kg8 53.Rc2 
Kf7 54.Rc6 Kg8 55.Rc2 Kf7 56.g4 Kf6 57.f4 Kf7 58.Kf3 Re7 59.Rc6 Kg8 60.g5 
hxg5 61.fxg5 Kh7 62.Rc8 Rd7 63.Ke4 g6 64.h6 Rf7 65.Rd8 Rc7 66.Ke5 a5 67.
Ke6 Rc5 68.Rd7+ Kh8 69.Rd5 Rc2 70.a4 Kh7 71.Rd7+ Kh8 72.Rd6 Rf2 73.Rxb6 
Kh7 74.Rb7+ Kh8 75.Rb5 Rf3 76.Kd5 1-0

[Event "12th Israeli intl it"]
[Site "Netanya ISR"]
[Date "1975.06.09"]
[Round "12"]
[White "Yanofsky, Daniel Abraham"]
[Black "Panno, Oscar"]
[Result "0-1"]
[WhiteElo "2415"]
[BlackElo "2545"]
[EventDate "1975.05.28"]
[PlyCount "140"]
[Source "ChessBase"]

1.e4 e5 2.Nf3 d6 3.d4 Nf6 4.Nc3 Nbd7 5.Bc4 Be7 6.O-O O-O 7.h3 c6 8.dxe5 
dxe5 9.Qe2 Qc7 10.a4 Re8 11.Nh4 Nc5 12.Nf3 h6 13.Re1 a5 14.Nh4 Be6 15.Bxe6
Nxe6 16.Qc4 Rad8 17.Nf5 Bc5 18.Be3 Bxe3 19.Rxe3 Qb6 20.Rb1 Nd4 21.Ne2 Nxf5
22.exf5 Rd7 23.Rb3 Qa7 24.Rf1 e4 25.Ng3 e3 26.fxe3 Rxe3 27.Kh2 Rxb3 28.
Qxb3 h5 29.Qc3 Qd4 30.Rf3 h4 31.Nf1 Qd6+ 32.Kg1 Qd4+ 33.Kh2 Qd1 34.Kg1 Rd5
35.Rd3 Ne4 36.Rxd5 Qxd5 37.Qf3 Qd4+ 38.Qe3 Qxa4 39.c3 Qc4 40.Qf4 Qc5+ 41.
Kh1 Nf6 42.Qxh4 Qxf5 43.Nd2 b5 44.Qd4 Qd5 45.Nf3 a4 46.Qb6 Qd1+ 47.Kh2 
Qd6+ 48.Kh1 Nd5 49.Qb7 g6 50.Nd4 Ne7 51.Qb6 Kg7 52.Kg1 a3 53.bxa3 Qxa3 54.
Ne2 Qd6 55.Qe3 c5 56.Qe4 Nf5 57.Kf2 b4 58.Qc4 Qb6 59.cxb4 cxb4+ 60.Ke1 b3 
61.Qc3+ Kh6 62.Qb2 Ne3 63.Nc1 Nc4 64.Qxb3 Qg1+ 65.Ke2 Qxc1 66.Kd3 Nd6 67.
g4 Qf1+ 68.Kd4 Qf6+ 69.Kc5 Ne4+ 70.Kb5 Qe5+ 0-1

[Event "12th Israeli intl it"]
[Site "Netanya ISR"]
[Date "1975.06.10"]
[Round "13"]
[White "Balshan, Amikam"]
[Black "Yanofsky, Daniel Abraham"]
[Result "1/2-1/2"]
[WhiteElo "2435"]
[BlackElo "2415"]
[EventDate "1975.05.28"]
[PlyCount "28"]
[Source "ChessBase"]

1.d4 Nf6 2.c4 g6 3.Nf3 Bg7 4.g3 O-O 5.Bg2 d6 6.O-O Nc6 7.d5 Na5 8.Na3 c5 
9.Ne1 a6 10.Nd3 Rb8 11.Rb1 b5 12.cxb5 axb5 13.b4 cxb4 14.Rxb4 Bd7 1/2-1/2

[Event "12th Israeli intl it"]
[Site "Netanya ISR"]
[Date "1975.06.10"]
[Round "13"]
[White "Bleiman, Yaacov"]
[Black "Kagan, Shimon"]
[Result "0-1"]
[WhiteElo "2455"]
[BlackElo "2420"]
[EventDate "1975.05.28"]
[PlyCount "24"]
[Source "ChessBase"]

1.Nf3 c5 2.g3 Nc6 3.Bg2 g6 4.O-O Bg7 5.e4 d6 6.c3 e5 7.d3 Nf6 8.Nbd2 O-O 
9.Nc4 h6 10.a4 Be6 11.Qe2 Re8 12.Ne3 d5 {Restliche Züge nicht 
rekonstruierbar. Nach 37 Zügen} 0-1

[Event "12th Israeli intl it"]
[Site "Netanya ISR"]
[Date "1975.06.10"]
[Round "13"]
[White "Lederman, Leon"]
[Black "Cardoso, Rodolfo Tan"]
[Result "1-0"]
[WhiteElo "2390"]
[BlackElo "2410"]
[EventDate "1975.05.28"]
[PlyCount "67"]
[Source "ChessBase"]

1.e4 c5 2.Nf3 d6 3.d4 cxd4 4.Nxd4 Nf6 5.Nc3 a6 6.Be2 e5 7.Nb3 Be6 8.O-O 
Nbd7 9.Be3 Rc8 10.f4 b5 11.a4 b4 12.Nd5 a5 13.Nxf6+ gxf6 14.f5 Bc4 15.Bxc4
Rxc4 16.Qd3 Rc8 17.Rac1 Be7 18.Kh1 Rg8 19.Rfd1 h5 20.h3 Rg3 21.Qe2 Qc7 22.
Bf2 Rg5 23.c3 Qb8 24.Nxa5 bxc3 25.Rxc3 Rxc3 26.bxc3 Qa8 27.Rd5 Rxf5 28.Be3
h4 29.Qd1 Nc5 30.exf5 Qxa5 31.Bxc5 dxc5 32.Qb3 Kf8 33.Rd7 e4 34.Qb8+ 1-0

[Event "12th Israeli intl it"]
[Site "Netanya ISR"]
[Date "1975.06.10"]
[Round "13"]
[White "Liberzon, Vladimir"]
[Black "Kraidman, Yair"]
[Result "1/2-1/2"]
[WhiteElo "2485"]
[BlackElo "2460"]
[EventDate "1975.05.28"]
[PlyCount "35"]
[Source "ChessBase"]

1.e4 e5 2.Nf3 Nc6 3.Bb5 a6 4.Ba4 Nf6 5.O-O Be7 6.Re1 b5 7.Bb3 d6 8.c3 O-O 
9.h3 Nb8 10.d4 Nbd7 11.Nbd2 Bb7 12.Bc2 c5 13.Nf1 Re8 14.Ng3 Bf8 15.d5 g6 
16.a4 c4 17.Bg5 Nc5 18.Be3 {und nach 27 Zügen} 1/2-1/2